Topological dynamics

Αποθηκεύτηκε σε:
Λεπτομέρειες βιβλιογραφικής εγγραφής
Κύριος συγγραφέας: Gottschalk, Walter H. (Walter Helbig) 1918-
Άλλοι συγγραφείς: Hedlund, Gustav Arnold 1904-
Μορφή: Βιβλίο
Γλώσσα:English
Δημοσίευση: Providence, Rhode island : American Mathematical Society, 1968
Σειρά:Colloquium publications (American Mathematical Society) ; 36
Θέματα:
Ετικέτες: Προσθήκη ετικέτας
Δεν υπάρχουν, Καταχωρήστε ετικέτα πρώτοι!

MARC

LEADER 00000nam a2200000 i 4500
001 1/44768
008 941103s1968 eng d
020 |a 0-8218-1036-7 
035 |a 1994  |l 10042364 
040 |a GR-MY-UA  |b gre  |e aacr 
041 0 |a eng 
082 0 |a 514.3 
100 1 |a Gottschalk, Walter H.  |q (Walter Helbig)  |d 1918- 
245 1 0 |a Topological dynamics /  |c Walter Helbic Gottschalk and Gustav Arnold Hedlund 
260 |a Providence, Rhode island :   |b American Mathematical Society,   |c 1968 
300 |a ix, 167 p.;  |c 26 cm. 
490 1 |a Colloquium publications (American Mathematical Society)  |v ; 36 
500 |a Includes bibliography and index 
650 0 0 |a Topological dynamics. 
700 1 |a Hedlund, Gustav Arnold  |d 1904- 
830 0 |a Colloquium publications (American Mathematical Society)  |v ; 36 
852 |a INST  |b SAMOS  |e 19941103  |h 514.3 GOT  |p 005300007311  |q 005300007311  |t BK  |y 0 
909 |a Σ  |b 034599